000 01295nam a22002417a 4500
003 Uzh_bibl
008 260323b |||||||| |||| 00| 0 ukr d
020 _a978-617-7672-82-0
_c105.00
040 _bукр.
041 _2ukr
_aukr
080 _a821(477)
090 _a821(477)
_bШ 63
100 _aШирант,Наташа
245 _aМир/1.2.6.Джерело віри — правда»
_hТекст
260 _aКиїв
_bСаміт-книга
_c2019
300 _a256 с.
520 _aКнига Наталі Ширант «МІР/1.2.6 - Економічна складова. Джерело віри — правда» досліджує гібридні війни, фокусуючись на економічних аспектах, фінансових механізмах та інформаційних операціях, що використовуються проти України. Видання висвітлює роль правди та віри в контексті воєнних конфліктів
521 _aДля широкого кола читачів
546 _aукр.
650 _aЛітературно-художне видання
653 _aВійна
_aДослідження
_aТеорія війни
942 _2udc
_cBK
999 _c17155
_d17155